| 000 | 01209nam a22003497a 4500 | ||
|---|---|---|---|
| 001 | 0074 | ||
| 003 | DO-SdBNP | ||
| 005 | 20180130100806.0 | ||
| 007 | 0074 | ||
| 008 | 151008b sp 1986 xxu||||| |||| 00| 0 spa d | ||
| 020 | _a8427249101 | ||
| 040 |
_aBPMSU _bspa _cBPMSU |
||
| 082 | 4 |
_a813.54 _bA788m |
|
| 100 | 1 | 0 |
_aArthur, Robert, _d1909-1969 |
| 240 | 1 | 4 |
_aThe mystery of the moaning cave _lEspañol |
| 245 | 1 | 0 |
_aMisterio de la cueva de los lamentos / _cRobert Arthur ; traducción Lourdes Pol de Ramírez; ilustración R. Escolano |
| 260 |
_aBarcelona : _bMolino, _c1986 |
||
| 300 |
_a159 p. : _bil., _c21 cm. |
||
| 490 | 1 | 0 |
_aAlfred Hitchcock. Los tres investigadores _v10 |
| 500 | _aTítulo original en inglés: The mystery of the moaning cave. | ||
| 650 | 4 | _aNOVELA POLICÍACA INGLESA | |
| 650 | 4 | _aLITERATURA POLICÍACA INGLESA | |
| 650 | 4 | _aLITERATURA JUVENIL | |
| 650 | 4 | _aNOVELA JUVENIL | |
| 700 | 1 | 0 |
_aPol Ramírez, Ma. Lourdes de, _etr. |
| 700 | 1 | 0 |
_aEscolano, R., _eil. |
| 830 | 0 | 0 |
_aAlfred Hitchcock y los tres investigadores _n; 10 |
| 910 | _aValidado. Control de calidad MFF | ||
| 942 |
_2ddc _cBK |
||
| 956 | _aBrenda Tavárez | ||
| 956 | _aValidado. Control de calidad MFF | ||
| 999 |
_c8348 _d8348 |
||